Tratamiento térmico de suelos contaminados /

Guardado en:
Otros Autores: Merino Jerónimo. (Disertante)
Formato: Manuscrito
Idioma:Spanish
Publicado: 2004.
Materias:
Etiquetas: Agregar Etiqueta
Sin Etiquetas, Sea el primero en etiquetar este registro!
LEADER 01040ntm a22002535a 4500
001 EIQ.libpla003193
008 071105s2004####ag#a#####bm###000#0#spa#d
005 20071105172920.0
245 1 0 |a Tratamiento térmico de suelos contaminados /  |c Jerónimo Merino. 
260 |c 2004. 
300 |a xxx, 289 p. :  |b il., tablas ;  |c 21 cm. 
502 |a Tesis (doctorado)--Universidad Nacional del Sur. Departamento de Ingeniería Química, 2004. 
500 |a Director de tesis: Dra. Verónica Bucalá. 
504 |a Incluye referencias bibliográficas. 
100 1 |a Merino Jerónimo.  |4 dis 
710 2 |a Universidad Nacional del Sur (UNS).  |b Dto. de Ingeniería Química  |4 dgg. 
650 4 |a Suelos contaminados  |x Tesis. 
650 4 |a Medio ambiente  |x Suelos contaminados. 
650 4 |a Suelos contaminados  |x Tratamiento térmico. 
650 4 |a Environment  |x Thesis. 
650 4 |a Environment  |x Soils contaminated. 
650 4 |a Soils contaminated  |x Thermal treatments. 
040 |a AR-BbSID  |b spa  |c AR-BbSID 
859 |a AR-BbSID  |b BIB. PLAPIQUI  |h 628.55  |i M 545  |p 5766